Architecture and the text : (Record no. 23584)

000 -LEADER
fixed length control field 01105cam a2200277 a 4500
001 - CONTROL NUMBER
control field 1560914
005 - DATE AND TIME OF LATEST TRANSACTION
control field 20170126123214.0
008 - FIXED-LENGTH DATA ELEMENTS--GENERAL INFORMATION
fixed length control field 920810s1993 ctua b 001 0 eng
010 ## - LIBRARY OF CONGRESS CONTROL NUMBER
LC control number 92031624
020 ## - INTERNATIONAL STANDARD BOOK NUMBER
International Standard Book Number 0300049277 (alk. paper)
050 00 - LIBRARY OF CONGRESS CALL NUMBER
Classification number NA2500 .B57 1993
100 1# - MAIN ENTRY--PERSONAL NAME
Personal name Bloomer, Jennifer.
245 10 - TITLE STATEMENT
Title Architecture and the text :
Remainder of title the scrypts of Joyce and Piranesi /
Statement of responsibility, etc. Jennifer Bloomer.
260 ## - PUBLICATION, DISTRIBUTION, ETC. (IMPRINT)
Place of publication, distribution, etc. New Haven :
Name of publisher, distributor, etc. Yale University Press,
Date of publication, distribution, etc. c1993.
300 ## - PHYSICAL DESCRIPTION
Extent xiv, 222 p. :
Other physical details ill. ;
Dimensions 24 cm.
440 #0 - SERIES STATEMENT/ADDED ENTRY--TITLE
Title Theoretical perspectives in architectural history and criticism
504 ## - BIBLIOGRAPHY, ETC. NOTE
Bibliography, etc Includes bibliographical references (p. 207-213) and index.
650 #0 - SUBJECT ADDED ENTRY--TOPICAL TERM
Topical term or geographic name as entry element Symbolism in architecture.
650 #0 - SUBJECT ADDED ENTRY--TOPICAL TERM
Topical term or geographic name as entry element Architecture
General subdivision Philosophy.
942 ## - ADDED ENTRY ELEMENTS (KOHA)
Source of classification or shelving scheme
Koha item type Hard Covered Materials
Holdings
Withdrawn status Lost status Source of classification or shelving scheme Damaged status Not for loan Home library Current library Shelving location Date acquired Source of acquisition Total Checkouts Full call number Barcode Date last seen Price effective from Koha item type
          MACHAKOS UNIVERSITY LIBRARY MACHAKOS UNIVERSITY LIBRARY Technical section 26/01/2017 Donation(BFA)   NA2500 .B57 1993 32423 10/07/2018 26/01/2017 Hard Covered Materials
© Machakos University Library, Along The Highway, Machakos Wote Rd, Machakos, Kenya P.O. Box 136 - 90100 Machakos - Kenya

Tel: ( +254 ) 723 805829 OR Fax : 044-20353 OR Email: library@mksu.ac.ke